000 01207nam a22002057a 4500
008 250211b |||||||| |||| 00| 0 eng d
020 _a9789587241082
040 _aCO-JMCR
_bspa
_cCO-JMCR
_dCO-JMCR
_erda
041 0 _aspa
082 0 4 _aP
_bMARr1
100 1 _eautor
_aMarianidis, Carlos,
_944062
245 1 0 _aRecetario de juegos /
_cCarlos Marianidis,
300 _a47 páginas :
_bilustraciones ;
_c19 cm.
500 _aA partir de los 8 años.
520 3 _a¿Cómo domar un árbol o pintar sin pincel? ¿Cómo crear colores y qué se puede hacer un lunes sin clases? ¿Qué brota entre las maderas de un viejo vagón abandonado? ¿A qué se parecen las nubes del atardecer? El libro que tienes en tus manos es una especie de guía que el autor ha inventado para que los niños pongan a volar su imaginación, sin más juguetes que los de la propia fantasía. Las páginas están pensadas en versos que forman poemas. Poemas, sí. Palabras que riman, elegidas con cuidado y puestas de una manera en que parecen tener cierta música.
650 1 4 _944063
650 2 4 _9568
650 2 4 _91249
999 _c30945
_d17329